El proceso ambiental : objeto. Competencia. Legitimación. Prueba. Recursos /

Guardado en:
Autor Principal: Bibiloni, Héctor Jorge
Otros Autores: Cafferatta, Néstor A., (colab.), Valls, Mario Francisco, (prol.)
Formato: Libro
Idioma:Spanish
Publicado: Buenos Aires : Lexis Nexis, 2005
Edición:1a. ed.
Materias:
Etiquetas: Agregar Etiqueta
Sin Etiquetas, Sea el primero en etiquetar este registro!
LEADER 00745nam a22001935a 4500
001 DER.der001291
008 180615s2005####ag#||||||||||||||#||spa||
005 20251215191838.0
245 1 0 |a El proceso ambiental :  |b objeto. Competencia. Legitimación. Prueba. Recursos /  |c Héctor Jorge Bibiloni , con la colaboración de Néstor A. Cafferatta, y Mario Francisco Valls. 
250 |a 1a. ed. 
260 |a Buenos Aires :  |b Lexis Nexis,  |c 2005 
300 |a 483 p. 
020 |a 9875920428 
100 1 |a Bibiloni, Héctor Jorge 
700 1 |a Cafferatta, Néstor A.,  |e colab. 
700 1 |a Valls, Mario Francisco,  |e prol. 
650 7 |a DERECHO AMBIENTAL 
859 |a DERECHO  |b BIB. DERECHO  |h 346.046  |i BIB  |p 003354 
859 |a DERECHO  |b BIB. DERECHO  |h 346.046  |i BIB  |p 008340  |t 1